Ajedrez: no te dejes comer #2 - ¡Muerte súbita! - Estadísticas

Estadísticas generales
  • Esta prueba ha sido intentada 206 veces
  • La puntuación promedio es 12 de 26
Answers on the Grid
Answers color-coded by a green-red scale on the quiz's grid according to % correct below.
 
Estadísticas de respuestas
Respuesta % Correcto
60%
56%
54%
53%
53%
53%
51%
51%
51%
49%
49%
49%
47%
47%
47%
46%
44%
44%
44%
42%
42%
40%
40%
40%
39%
39%
No se encontraron pruebas coincidentes
Distribución de puntuación
Porcentaje de gente con cada puntuación
Porcentaje por número respondido
Historial de tus puntuaciones
No has intentado esta prueba.